Statistics for French-speaking Swiss Cantons

Click here to take the quiz!

General Stats

  • This quiz has been taken 47 times
  • The average score is 6 of 7

Answer Stats

Cantons% Correct
Geneva
100%
Valais
84%
Bern
80%
Jura
80%
Vaud
80%
Fribourg
77%
Neuchatel
73%

Score Distribution

Percentile by Number Answered

Percent of People with Each Score

Your Score History

You have not taken this quiz